Estadísticas para Los nombres más populares de perros en España

Haz click aquí para intentar la prueba.

Estadísticas generales

  • Esta prueba ha sido intentada 356 veces
    (43 desde el último reinicio)
  • La puntuación promedio es 7 de 20

Estadísticas de respuestas

SexoRangoPistaNombre% Correcto
Macho4Personaje de El rey leónSimba
83%
Macho9Dios en la mitología griegaZeus
83%
Hembra2Objeto astronómicoLuna
58%
Macho2Dios en la mitología nórdicaThor
58%
Hembra1Empieza con KKira
55%
Macho5Signo astrológicoLeo
55%
Macho6Nombre de un boxeador ficticioRocky
55%
Hembra3Personaje de El rey leónNala
50%
Macho10Nombre de un evangelistaLucas
43%
Hembra6Puede ser un pronombreMia
35%
Macho1Fruta o personaje fantástico que da miedoCoco
30%
Hembra4Hipocorístico de dos nombres femeninosLola
23%
Macho3Acortamiento de o un nombre noble o un límite extremoMax
23%
Macho8Perro de un historieta de José EscobarToby
18%
Hembra7Quizás venga de una película/novela de Nicholas SparksNoa
15%
Hembra5Apodo de una modelo españolaBimba
10%
Macho7Apodo de un cantante contemporáneoBruno
5%
Hembra10La que juzga en hebreo o diosa de la fertilidad en la mitología gaélicaDana
5%
Hembra9Accidente geográficoDuna
3%
Hembra8Dios en la mitología griega o romanaMaya
3%

Distribución de puntuación

Porcentaje por número respondido

Porcentaje de gente con cada puntuación

Historial de tus puntuaciones

No has intentado esta prueba desde el último reinicio